Good Feeling - Flo Rida - All Lyrics - Statistics

General Stats
  • This quiz has been taken 36 times
  • The average score is 330 of 533
Answer Stats
Answer % Correct
a
100%
A
100%
feel
100%
go
100%
good
100%
I
100%
feelin'
97%
Oh,
97%
oh,
97%
feeling,
94%
feeling
94%
so
94%
yeah
94%
Yeah
94%
never,
90%
never
90%
get
84%
sometimes
84%
that
81%
that?
81%
That
81%
in
77%
no,
77%
no
77%
No
77%
be
71%
before,
68%
had
68%
me,
65%
me
65%
to
58%
an
55%
for
55%
have
55%
the
55%
The
55%
you
55%
You
55%
got
52%
Got
52%
it
52%
it,
52%
who
48%
and
45%
know
45%
on
45%
your
45%
we
42%
day
39%
it's
39%
this
39%
what
39%
like
35%
Like
35%
can,
32%
can
32%
I'm
32%
I'ma
32%
of
32%
all
29%
I’ll
29%
knew
29%
Let's
29%
let's
29%
men
29%
my
29%
not
29%
Now
29%
now
29%
one
29%
One
29%
up
29%
Yes
29%
com
26%
How
26%
at
23%
ever,
23%
from
23%
say
23%
want?
23%
was
23%
back
19%
down
19%
first,
19%
gossip?
19%
gotta
19%
Gotta
19%
love
19%
more
19%
brand
16%
can't
16%
life
16%
livin'
16%
many
16%
new
16%
president
16%
U.S.
16%
won
16%
dot
13%
game
13%
Gates,
13%
God
13%
January
13%
play
13%
take
13%
with
13%
better
10%
Bill
10%
den
10%
heart
10%
king
10%
Mama
10%
mountain
10%
power,
10%
rolling
10%
stones
10%
walk
10%
wanna
10%
bed
6%
boy,
6%
done
6%
drinking
6%
face,
6%
giving
6%
Giving
6%
hay
6%
leave,
6%
plus
6%
rap,
6%
runnin'
6%
second
6%
See
6%
sip
6%
Straight
6%
Talk
6%
top,
6%
water
6%
Woke
6%
ASAP
3%
bucket
3%
Bugatti
3%
crabs
3%
crown
3%
doubt
3%
fear,
3%
grab
3%
hold
3%
hundred
3%
jungle
3%
lion's
3%
looking
3%
Maybach
3%
mound
3%
needle
3%
option,
3%
plan
3%
Pull
3%
royal
3%
side
3%
spark,
3%
Speaking
3%
spirit
3%
stack
3%
Taiwan
3%
than
3%
through
3%
tongue
3%
twenty
3%
adrenaline,
0%
chest
0%
crowd
0%
dealer,
0%
Diamond,
0%
flow,
0%
full
0%
G5
0%
genius
0%
gunning
0%
melee
0%
miles
0%
pitcher's
0%
platinum,
0%
plays,
0%
running
0%
sleep
0%
strike
0%
Stronger
0%
sun
0%
trick
0%
understand
0%
up's
0%
winner,
0%
Witness,
0%
word
0%
No matching quizzes found
Score Distribution
Percent of People with Each Score
Percentile by Number Answered
Your Score History
You have not taken this quiz